000 01096cam a2200313 a 4500
001 2143650
003 ARRUPE
005 20160318151836.0
008 980817s1999 njua bq 001 0 eng
010 _a 98037159
020 _a0865436967 (hardbound)
020 _a0865436975 (pbk.)
035 _a(DLC) 98037159
040 _aDLC
_cDLC
_dDLC
043 _af------
050 0 0 _aPN1993.5.A35
_bA357 1998
082 0 0 _a791.43/096
_221
100 _aKenneth W. Harrow.
_923009
245 0 0 _aAfrican cinema :
_bpostcolonial and feminist readings /
_cedited by Kenneth W. Harrow.
260 _aTrenton, NJ :
_bAfrica World Press,
_cc1999.
300 _axxiv, 356 p. :
_bill. ;
_c22 cm.
504 _aIncludes bibliographical references, filmographies, and index.
650 0 _aMotion pictures
_zAfrica.
_923010
650 0 _aFeminism and motion pictures
_zAfrica.
_923011
700 1 _aHarrow, Kenneth W.
_923012
906 _a7
_bcbc
_corignew
_d1
_eocip
_f19
_gy-gencatlg
942 _2lcc
_cMONOGRAPH
999 _c124394
_d124394